আধুনিক বাংলা কবিতায় লোকজ উপদান : (Record no. 40421)
[ view plain ]
| 000 -LEADER | |
|---|---|
| fixed length control field | 01028nam a2200241 a 4500 |
| 001 - CONTROL NUMBER | |
| control field | 40421 |
| 003 - CONTROL NUMBER IDENTIFIER | |
| rucl marc code | BD-RjUL |
| 005 - DATE AND TIME OF LATEST TRANSACTION | |
| control field | 20211209053216.0 |
| 008 - FIXED-LENGTH DATA ELEMENTS--GENERAL INFORMATION | |
| fixed length control field | 170131s 2001bg ||||| |||| 00| 0 ben d |
| 020 ## - INTERNATIONAL STANDARD BOOK NUMBER | |
| International Standard Book Number | 9840740946 |
| Terms of availability | : Tk.90.00 |
| 035 ## - SYSTEM CONTROL NUMBER | |
| System control number | (BD-RjUL)40536 |
| 040 ## - CATALOGING SOURCE | |
| Original cataloging agency | BD-RjUL |
| Language of cataloging | ben |
| Transcribing agency | BD-RjUL |
| Modifying agency | BD-RjUL |
| 041 ## - LANGUAGE CODE | |
| Language code of text/sound track or separate title | ben |
| 082 ## - DEWEY DECIMAL CLASSIFICATION NUMBER | |
| Edition number | 23 |
| Classification number | 891.44109 |
| Author mark and year | GUA 2001 |
| 100 ## - MAIN ENTRY--PERSONAL NAME | |
| Personal name | গুহ, বিমল |
| 9 (RLIN) | 124520 |
| 245 10 - TITLE STATEMENT | |
| Title | আধুনিক বাংলা কবিতায় লোকজ উপদান : |
| Remainder of title | জসীমউদ্দীন-জীবনানন্দ দাশ-বিষ্ণু দে / |
| Statement of responsibility, etc. | বিমল গুহ |
| 260 ## - PUBLICATION, DISTRIBUTION, ETC. (IMPRINT) | |
| Place of publication, distribution, etc. | ঢাকা : |
| Name of publisher, distributor, etc. | বাংলা একাডেমী, |
| Date of publication, distribution, etc. | ২০০১ |
| 300 ## - PHYSICAL DESCRIPTION | |
| Pagination | ২৫৮ পৃ. ; |
| Size | ২১ সেমি. |
| 500 ## - GENERAL NOTE | |
| General note | নির্ঘন্ট সংযুক্ত |
| 650 ## - SUBJECT ADDED ENTRY--TOPICAL TERM | |
| Topical term or geographic name as entry element | বাংলা কবিতা |
| Form subdivision | ইতিহাস ও সমালোচনা |
| 9 (RLIN) | 179539 |
| Topical term or geographic name as entry element | Bengali poetry |
| Form subdivision | History and Criticism |
| 9 (RLIN) | 179540 |
| 942 ## - ADDED ENTRY ELEMENTS (KOHA) | |
| Source of classification or shelving scheme | Dewey Decimal Classification |
| Koha item type | Books |
| Lost status | Source of classification or shelving scheme | Damaged status | Not for loan | Collection code | Permanent Location | Current Location | Shelving location | Date acquired | Source of acquisition | Cost, normal purchase price | Total Checkouts | Full call number | Date last seen | Copy number | Koha item type |
|---|---|---|---|---|---|---|---|---|---|---|---|---|---|---|---|
| Dewey Decimal Classification | Not For Loan | Non-fiction | Central Library, University of Rajshahi | Central Library, University of Rajshahi | Reading Room | 02/02/2012 | Bangla Academy, Dhaka. | 90.00 | B 891.44109 GUA 2001 | 31/01/2017 | C-1 | Books |